Sympathy is a knife featuring ariana grande - Charli xcx - All Lyrics - Statistics

General Stats
  • This quiz has been taken 68 times
  • The average score is 427 of 484
Answer Stats
Answer % Correct
a
100%
a-
100%
I
100%
I-i-i-i-it's
100%
It's
100%
it's
100%
(It's
100%
kn-
100%
knife
100%
knife)
100%
(Mm)
100%
(Mm,
100%
mm)
100%
ooh)
100%
when
100%
When
100%
when,
100%
(When,
100%
when)
100%
(When)
100%
(Yeah)
100%
Yeah
100%
yeah,
100%
you
100%
you,
100%
is
98%
the
98%
your
96%
on
95%
(On
95%
they
95%
to
95%
me
91%
old
91%
think
91%
you're
91%
and
89%
And
89%
fuck
89%
hate
89%
new
89%
she?"
89%
"Who
89%
finally
88%
say
88%
so
88%
top
88%
top)
88%
top,
88%
be
86%
fans
86%
like
86%
like,
86%
(No
86%
All
84%
(All
84%
fall
84%
I'm
84%
you've
84%
changed"
82%
know
82%
nice
82%
not
82%
sympathy
82%
totally
82%
next
81%
"Ari,
79%
'Cause
79%
see
79%
step
79%
bottom
77%
wanna
77%
fake
74%
for
74%
friend
74%
must
74%
"Charli,
72%
just
72%
pretty,
72%
says,
72%
says
72%
somebody
72%
they're
72%
friends
70%
this
70%
waitin'
70%
mean
68%
body
67%
page
67%
why
67%
don't
65%
choke
63%
counting
63%
front
63%
logically
63%
explain?
61%
mistakes
61%
should
61%
does
60%
misquote
60%
dissect
58%
believe
56%
that
56%
things
56%
journalist
54%
throat
53%
won't
53%
doing
47%
steppin'
47%
been
46%
said
42%
are
39%
I've
37%
shit)
37%
expectation
30%
suddenly
28%
(Ah)
12%
nеxt
4%
whеn
4%
No matching quizzes found
Score Distribution
Percent of People with Each Score
Percentile by Number Answered
Your Score History
You have not taken this quiz